000 01023nam a2200241 a 4500
001 BRCA_546
005 20190320203046.0
008 971204s1997 mx-a---##b---#000-0#spa-#
020 _a2909838242
040 _aDLC
_cDLC
_dDLC
050 4 _aN8189.R9
_b.L99 1997
245 1 0 _aLuz del ícono
_bcolección Roger Cabal
_cintroducción de Gilles Chazal y Bertrand Davezac ; comentarios de Catherine Bortoli y Bertrand Davezac ; traducido del francés por Irma Zarur Lefebvre.
260 _aMéxico
_bAntiguo Colegio de San Ildefonso
_c1997
300 _a192 p.
_bil. (algunas a color)
_c32 cm.
500 _aCatálogo de la exposición realizada en el Antiguo Colegio de San Ildefonso (Ciudad de México), 1997
504 _aIncluye referencias bibliográficas y glosario
600 1 4 _aCabal, Roger
_xColecciones de arte
_91889
650 1 4 _aÍconos
_ySiglo XV-XVIII
_zGrecia y Rusia
_91890
700 1 _aChazal, Gilles
_91891
700 1 _aBortoli, Catherine
_91892
700 1 _aDavezac, Bertrand
_d1930-
_91893
942 _2lcc
_cB
999 _c477
_d477